000 00685nam a22001811cc4500
001 a987677397+Kniga1
035 _aa987677397
008 170707s2015 gw a||| 000u rus d
020 _a9785971009849
_9978-59710-0984-9
245 0 0 _aPutešestvie iz Peterburga v Moskvu
_nKniga 1
_pDva stoletija rossijskoj istorii meždu Moskvoj i Sankt-Peterburgom
264 _aMoskva :
_bURSS,
_c2015
300 _a230 S.: graph. Darst., Ill., Kt.
246 1 2 _aPutešestvie iz Peterburga v Moskvu : 222 goda spustja. Dva stoletija rossijskoj istorii meždu Moskvoj i Sankt-Peterburgom
_nKniga 1
773 0 8 _wa987677397
_qKniga1
942 _cMG
040 _cRU-10907106
003 RU-10907106
999 _c46823
_d46823